Name a U.S. State that Borders.... - Statistics

General Stats
  • This quiz has been taken 79 times
  • The average score is 14 of 15
Answer Stats
State Bordering State % Correct
Washington Idaho, Oregon
99%
Texas Arkansas, Louisiana, New Mexico, Oklahoma
97%
South Carolina Georgia, North Carolina
97%
North Dakota Minnesota, Montana, South Dakota
97%
Utah Arizona, Colorado, Idaho, Nevada, Wyoming
96%
Oklahoma Arkansas, Colorado, Kansas, Missouri, New Mexico, Texas
96%
Arizona California, New Mexico, Nevada, Utah
96%
Illinois Indiana, Iowa, Kentucky, Missouri, Wisconsin
96%
Ohio Indiana, Kentucky, Michigan, Pennsylvania, West Virginia
96%
Massachusetts Connecticut, New Hampshire, New York, Rhode Island, Vermont
94%
New Jersey Delaware, New York, Pennsylvania
94%
Alabama Florida, Georgia, Mississippi, Tennessee
94%
Michigan Illinois, Indiana, Ohio, Wisconsin
94%
Idaho Montana, Nevada, Oregon, Utah, Washington, Wyoming
94%
Maine New Hampshire
94%
No matching quizzes found
Score Distribution
Percent of People with Each Score
Percentile by Number Answered
Your Score History
You have not taken this quiz